Nowhere like home (Record no. 296)
[ view plain ]
| 000 -LEADER | |
|---|---|
| fixed length control field | 01174nam a22002537a 4500 |
| 001 - CONTROL NUMBER | |
| control field | 296 |
| 003 - CONTROL NUMBER IDENTIFIER | |
| control field | FISKH |
| 005 - DATE AND TIME OF LATEST TRANSACTION | |
| control field | 20230317080738.0 |
| 008 - FIXED-LENGTH DATA ELEMENTS--GENERAL INFORMATION | |
| fixed length control field | 230317b cb ||||| |||| 00| 0 eng d |
| 020 ## - INTERNATIONAL STANDARD BOOK NUMBER | |
| International Standard Book Number | 9781407173764 |
| 040 ## - CATALOGING SOURCE | |
| Original cataloging agency | FISKH |
| Language of cataloging | eng |
| Transcribing agency | FISKH |
| Modifying agency | FISKH |
| 050 ## - LIBRARY OF CONGRESS CALL NUMBER | |
| Classification number | PZ7 |
| 082 ## - DEWEY DECIMAL CLASSIFICATION NUMBER | |
| Classification number | 428.6 |
| 100 ## - MAIN ENTRY--PERSONAL NAME | |
| Personal name | Wyatt, Chris |
| 245 ## - TITLE STATEMENT | |
| Title | Nowhere like home |
| Statement of responsibility, etc. | Adapted from Knowhere to run, written by Chris 'Doc' Wyatt Illustrated by Ron Lim and Any Troy |
| 260 ## - PUBLICATION, DISTRIBUTION, ETC. | |
| Place of publication, distribution, etc. | Malaysia |
| Name of publisher, distributor, etc. | Scholastic |
| Date of publication, distribution, etc. | 2017 |
| 300 ## - PHYSICAL DESCRIPTION | |
| Extent | 32 p. |
| Dimensions | 24 cm. |
| 490 ## - SERIES STATEMENT | |
| Materials specified | Guardians of the Galaxy |
| 505 ## - FORMATTED CONTENTS NOTE | |
| Formatted contents note | F |
| 520 ## - SUMMARY, ETC. | |
| Summary, etc. | Join Star-Lord on a mission to save his home from a sneaky enemy! This Marvel Adventures in Reading book is a level two reader, featuring harder vocabulary, longer and more varied sentence structure and three or four sentences per page. This book is part of a delightful series of stories for beginner readers with favorite characters like the Guardians of the Galaxy! There are four levels to the series, so there will always be one that is just right for your child's developing reading ability. |
| 521 8# - TARGET AUDIENCE NOTE | |
| Target audience note | 400 <br/> |
| Source | Lexile |
| 521 8# - TARGET AUDIENCE NOTE | |
| Target audience note | F <br/> |
| Source | Raz-Plus |
| 942 ## - ADDED ENTRY ELEMENTS (KOHA) | |
| Source of classification or shelving scheme | Dewey Decimal Classification |
| Koha item type | Books |
| Suppress in OPAC | No |
| Withdrawn status | Lost status | Source of classification or shelving scheme | Damaged status | Not for loan | Collection | Home library | Current library | Shelving location | Date acquired | Total Checkouts | Full call number | Barcode | Date last seen | Price effective from | Koha item type |
|---|---|---|---|---|---|---|---|---|---|---|---|---|---|---|---|
| Dewey Decimal Classification | Juvenile Fiction | Footprints International School Library Network Toul Kork Campus | Footprints International School Library Network Toul Kork Campus | 03/17/2023 | WYA 428.6 PZ7 | 2023-0036 | 03/17/2023 | 03/17/2023 | Books |
